000 01064nam a22002897a 4500
001 BR7100557
003 BR-BrBNA
005 20230928083700.0
007 ta
008 230509b bl.||||| |||| 00| 0 por d
040 _aBR-BrBNA
_bpor
_cBiblioteca Nacional de Agricultura
041 _a(Por)
072 _aE30; E50
_b/G514
090 _ E30 BR7100557
110 1 _aServico Federal de Habitacao e Urbanismo, Rio de Janeiro, GB (Brasil)
_99342
245 1 _aRelatorio preliminar de desenvolvimento integrado. Municipio de Camocim, Ceara [Desenvolvimento economico; Desenvovolvimento social; Recurso natural; Brasil]
260 3 _aRio de Janeiro, GB (Brasil):
_c1971.
300 _a178 p.
500 _a60 tables; 14 ref.; Map, scale 1:2 500 000; 4 Maps, in portfolio, scale, 1:250.000, 2 Maps, in portfolio, scale 1:10.000
650 _aProjeto de desenvolvimento
650 _aSociologia rural
650 _aDesenvolvimento economico
650 _aDesenvolvimento social
650 _aCeara
909 _a202309
_bLucia
_c55
_dLucia Elande
942 _cBK
999 _c14770
_d14770